Online
Catalog

Tiempo desandado : (Record no. 978)

MARC details
000 -CABECERA
campo de control de longitud fija 00788cam a22002057a 4500
001 - NÚMERO DE CONTROL
campo de control 000000998
003 - IDENTIFICADOR DEL NÚMERO DE CONTROL
campo de control DO-SdBNP
005 - FECHA Y HORA DE LA ÚLTIMA TRANSACCIÓN
campo de control 20251030121031.0
008 - DATOS DE LONGITUD FIJA--INFORMACIÓN GENERAL
campo de control de longitud fija 771005s1964 ve b 001 1 spa
040 ## - FUENTE DE LA CATALOGACIÓN
Centro catalogador/agencia de origen DO-SdBNP
Lengua de catalogación spa
Centro/agencia transcriptor BNPHU
082 #4 - NÚMERO DE LA CLASIFICACIÓN DECIMAL DEWEY
Número de clasificación 320.987
Número de documento/Ítem L769t
100 1# - ENTRADA PRINCIPAL--NOMBRE DE PERSONA
Nombre de persona Liscano, Juan,
Fechas asociadas al nombre 1915-
9 (RLIN) 3478
245 10 - MENCIÓN DE TÍTULO
Título Tiempo desandado :
Resto del título polémicas, política y cultura /
Mención de responsabilidad, etc. Juan Liscano ; introducción, José Francisco Sucre.
260 ## - PUBLICACIÓN, DISTRIBUCIÓN, ETC.
Lugar de publicación, distribución, etc. Caracas :
Nombre del editor, distribuidor, etc. Ediciones del Ministerio de Educación, Dirección de Cultura y Bellas Artes, Departamento de Publicaciones,
Fecha de publicación, distribución, etc. 1964.
300 ## - DESCRIPCIÓN FÍSICA
Extensión v., 413 p. ;
Dimensiones 22 cm.
500 ## - NOTA GENERAL
Nota general La biblioteca posee el tomo I
504 ## - NOTA DE BIBLIOGRAFÍA, ETC.
Nota de bibliografía, etc. "Antecedentes bibliográficos": v. 1, p. [391]-396.
651 #0 - PUNTO DE ACCESO ADICIONAL DE MATERIA--NOMBRE GEOGRÁFICO
Nombre geográfico Venezuela
Subdivisión geográfica Política y gobierno
9 (RLIN) 26230
942 ## - ELEMENTOS DE PUNTO DE ACCESO ADICIONAL (KOHA)
Fuente del sistema de clasificación o colocación Dewey Decimal Classification
Tipo de ítem Koha Libro
Holdings
Estado de retiro Estado de pérdida Restricciones de uso No para préstamo Código de colección Localización permanente Ubicación/localización actual Ubicación en estantería Fecha de adquisición Número de inventario Total de préstamos Signatura topográfica completa Código de barras Fecha visto por última vez Precio válido a partir de Tipo de ítem Koha
    Préstamo interno Préstamo en sala Dominicana de Servicio Biblioteca Nacional Pedro Henríquez Ureña Biblioteca Nacional Pedro Henríquez Ureña En catalogación 19.09.2009 LF1   320.987 L769t 998-10 25.06.2020 25.06.2020 Libros y folletos

Powered by Koha